MARC

LEADER 00000nlm0a2200000 4500
001 121215
005 20231101215649.0
035 |a (RuTPU)RU\TPU\book\131268 
090 |a 121215 
100 |a 20070911d2007 k y0rusy50 ca 
101 0 |a rus 
102 |a RU 
105 |a y j 000zy 
135 |a vrcn ---uucaa 
181 0 |a i  
182 0 |a b 
200 1 |a Введение в химию  |b Электронный ресурс  |e учебное пособие  |f Н. Ф. Стась 
203 |a Текст  |c электронный 
210 |a Томск  |c [Б. и.]  |d 2007 
230 |a 1 компьютерный файл (pdf; 927 KB) 
300 |a Заглавие с титульного экрана 
337 |a Adobe Reader 
606 1 |a Химия  |2 stltpush  |3 (RuTPU)RU\TPU\subj\17362  |9 43035 
610 1 |a неорганическая химия 
610 1 |a химические элементы 
610 1 |a атомно-молекулярное учение 
610 1 |a классификация 
610 1 |a номенклатура 
610 1 |a периодическая система элементов 
610 1 |a химические реакции 
610 1 |a стехиометрия 
610 1 |a учебные пособия 
610 1 |a труды учёных ТПУ 
610 1 |a электронный ресурс 
675 |a 54(076)  |v 3 
700 1 |a Стась  |b Н. Ф.  |c химик  |c доцент Томского политехнического университета, кандидат химических наук  |f 1939-  |g Николай Фёдорович  |2 stltpush  |3 (RuTPU)RU\TPU\pers\25192 
801 1 |a RU  |b 63413507  |c 20070911  |g PSBO 
801 2 |a RU  |b 63413507  |c 20221004  |g PSBO 
856 4 |u http://www.lib.tpu.ru/fulltext/m/2007/m24.pdf 
942 |c CF